部首为月的常见中文汉字 Common Chinese characters with the radical “Moon” - Statistics

General Stats
  • This quiz has been taken 25 times
  • The average score is 64 of 160
Answer Stats
拼音首字母 笔画数 汉字 % Correct
ɡ 7
91%
t 13
91%
x 10
91%
z 10
91%
f 8
86%
f 13
86%
w 9
86%
c 7
82%
d 9
82%
j 11
82%
p 8
82%
b 14
77%
f 8
77%
ɡ 10
77%
j 6
77%
l 11
77%
n 10
77%
p 12
77%
s 8
77%
y 4
77%
y 13
77%
b 17
73%
ɡ 8
73%
p 9
73%
b 11
68%
b 14
68%
f 8
68%
j 8
68%
m 14
68%
x 15
68%
z 10
68%
a 10
64%
b 9
64%
f 8
64%
ɡ 7
64%
ɡ 10
64%
q 12
64%
t 17
64%
y 10
64%
z 7
64%
z 8
64%
z 8
64%
d 7
59%
f 8
59%
j 9
59%
x 13
59%
l 9
55%
m 9
55%
s 9
55%
a 8
50%
b 9
50%
j 10
50%
l 6
50%
l 12
50%
m 17
50%
s 13
50%
y 12
50%
z 8
50%
b 15
45%
d 10
45%
f 12
45%
ɡ 8
45%
h 9
45%
p 10
45%
w 12
45%
e 13
41%
ɡ 14
41%
h 7
41%
j 12
41%
j 12
41%
n 10
41%
q 10
41%
t 9
41%
t 11
41%
y 12
41%
b 14
36%
c 10
36%
d 12
36%
f 12
36%
ɡ 14
36%
j 8
36%
j 10
36%
l 9
36%
r 8
36%
t 8
36%
t 12
36%
x 13
36%
m 13
32%
n 13
32%
n 13
32%
s 16
32%
x 7
32%
x 8
32%
y 10
32%
z 9
32%
ɡ 9
27%
j 9
27%
k 10
27%
l 10
27%
p 9
27%
p 16
27%
q 9
27%
y 12
27%
y 17
27%
z 9
27%
c 12
23%
k 8
23%
k 9
23%
k 10
23%
m 10
23%
q 8
23%
s 17
23%
s 17
23%
t 13
23%
t 15
23%
x 9
23%
y 8
23%
y 17
23%
z 10
23%
c 11
18%
h 10
18%
p 11
18%
p 11
18%
r 7
18%
s 10
18%
w 7
18%
y 6
18%
z 8
18%
z 9
18%
z 9
18%
b 9
14%
l 12
14%
l 16
14%
n 8
14%
q 12
14%
w 11
14%
z 12
14%
z 15
14%
l 11
9%
n 11
9%
s 9
9%
s 10
9%
s 13
9%
w 11
9%
y 8
9%
b 13
5%
c 11
5%
c 13
5%
d 9
5%
ɡ 17
5%
w 13
5%
y 10
5%
y 17
5%
z 10
5%
a 13
0%
c 15
0%
c 16
0%
l 17
0%
n 10
0%
y 9
0%
No matching quizzes found
Score Distribution
Percent of People with Each Score
Percentile by Number Answered
Your Score History
You have not taken this quiz